<?xml version="1.0" encoding="UTF-8"?>
<record
    xmlns:xsi="http://www.w3.org/2001/XMLSchema-instance"
    xsi:schemaLocation="http://www.loc.gov/MARC21/slim http://www.loc.gov/standards/marcxml/schema/MARC21slim.xsd"
    xmlns="http://www.loc.gov/MARC21/slim">

  <leader>01754nam a22002777a 4500</leader>
  <controlfield tag="005">20101206113148.0</controlfield>
  <datafield tag="010" ind1=" " ind2=" ">
    <subfield code="a">HIN-91207       B-449367-368</subfield>
  </datafield>
  <datafield tag="020" ind1=" " ind2=" ">
    <subfield code="c">300.00</subfield>
    <subfield code="a">9788186624364</subfield>
  </datafield>
  <datafield tag="035" ind1=" " ind2=" ">
    <subfield code="a">HN-63553</subfield>
  </datafield>
  <datafield tag="035" ind1=" " ind2=" ">
    <subfield code="a">B-449367-368</subfield>
  </datafield>
  <datafield tag="037" ind1=" " ind2=" ">
    <subfield code="b">DBAD/PUB</subfield>
  </datafield>
  <datafield tag="037" ind1=" " ind2=" ">
    <subfield code="b">&#x92C;&#x932;&#x94D;&#x92F;&#x942;&#x92C;&#x948;&#x930;&#x940; </subfield>
  </datafield>
  <datafield tag="082" ind1=" " ind2=" ">
    <subfield code="a">338.184</subfield>
  </datafield>
  <datafield tag="100" ind1=" " ind2=" ">
    <subfield code="a">&#x92C;&#x902;&#x926;&#x942;&#x928;&#x940;, &#x936;&#x936;&#x93F;&#x92C;&#x93E;&#x932;&#x93E;</subfield>
    <subfield code="9">38356</subfield>
  </datafield>
  <datafield tag="245" ind1=" " ind2=" ">
    <subfield code="a">&#x928;&#x935;&#x940;&#x915;&#x930;&#x923;&#x940;&#x92F; &#x90A;&#x930;&#x94D;&#x91C;&#x93E; &#x938;&#x94D;&#x924;&#x94D;&#x930;&#x94B;&#x924; &#x90F;&#x935;&#x902; &#x92A;&#x94D;&#x930;&#x92C;&#x902;&#x927;&#x928; /</subfield>
    <subfield code="c">&#x936;&#x936;&#x93F;&#x92C;&#x93E;&#x932;&#x93E; &#x92C;&#x902;&#x926;&#x942;&#x928;&#x940;</subfield>
  </datafield>
  <datafield tag="246" ind1=" " ind2=" ">
    <subfield code="a">Navikarneya urja syrot avam prabandhan</subfield>
    <subfield code="b">by Shashi Bala Banduni</subfield>
  </datafield>
  <datafield tag="260" ind1=" " ind2=" ">
    <subfield code="a">&#x926;&#x93F;&#x932;&#x94D;&#x932;&#x940;</subfield>
    <subfield code="b">&#x92A;&#x942;&#x930;&#x94D;&#x935;&#x93E;&#x902;&#x91A;&#x932; &#x92A;&#x94D;&#x930;&#x915;&#x93E;&#x936;&#x928;</subfield>
    <subfield code="c">2010</subfield>
  </datafield>
  <datafield tag="270" ind1=" " ind2=" ">
    <subfield code="a">1180, &#x90F;-&#x92C;&#x94D;&#x932;&#x93E;&#x915;, &#x92A;&#x93E;&#x930;&#x94D;&#x91F;-2, &#x938;&#x94B;&#x928;&#x93F;&#x92F;&#x93E; &#x935;&#x93F;&#x939;&#x93E;&#x930;</subfield>
    <subfield code="b">&#x926;&#x93F;&#x932;&#x94D;&#x932;&#x940;</subfield>
    <subfield code="e">110094</subfield>
    <subfield code="k">011- 22967983</subfield>
  </datafield>
  <datafield tag="300" ind1=" " ind2=" ">
    <subfield code="a">174&#x92A;&#x943;.</subfield>
    <subfield code="c">22&#x938;&#x947;&#x92E;&#x940; (&#x938;&#x91C;&#x93F;&#x932;&#x94D;&#x926;)</subfield>
  </datafield>
  <datafield tag="700" ind1=" " ind2=" ">
    <subfield code="9">24599</subfield>
  </datafield>
  <datafield tag="942" ind1=" " ind2=" ">
    <subfield code="2">ddc</subfield>
    <subfield code="c">HN</subfield>
    <subfield code="m">&#x92C;&#x902;&#x926;&#x942;&#x928;&#x940;</subfield>
    <subfield code="h">333.794</subfield>
  </datafield>
  <datafield tag="999" ind1=" " ind2=" ">
    <subfield code="c">49020</subfield>
    <subfield code="d">49020</subfield>
  </datafield>
  <datafield tag="952" ind1=" " ind2=" ">
    <subfield code="0">0</subfield>
    <subfield code="1">0</subfield>
    <subfield code="2">ddc</subfield>
    <subfield code="4">0</subfield>
    <subfield code="7">1</subfield>
    <subfield code="8">NFIC</subfield>
    <subfield code="a">DBAD</subfield>
    <subfield code="b">DBAD</subfield>
    <subfield code="d">2010-12-08</subfield>
    <subfield code="e">DBAD /PUB</subfield>
    <subfield code="g">300.00</subfield>
    <subfield code="l">0</subfield>
    <subfield code="o">&#x92C;&#x902;&#x926;&#x942;&#x928;&#x940;</subfield>
    <subfield code="p">HN-63553</subfield>
    <subfield code="r">2010-12-08 00:00:00</subfield>
    <subfield code="t">1</subfield>
    <subfield code="v">300.00</subfield>
    <subfield code="w">2010-12-08</subfield>
    <subfield code="y">HN</subfield>
  </datafield>
  <datafield tag="952" ind1=" " ind2=" ">
    <subfield code="0">0</subfield>
    <subfield code="1">0</subfield>
    <subfield code="4">0</subfield>
    <subfield code="7">0</subfield>
    <subfield code="8">NFIC</subfield>
    <subfield code="a">L</subfield>
    <subfield code="b">L</subfield>
    <subfield code="d">2012-01-05</subfield>
    <subfield code="e">&#x92C;&#x932;&#x94D;&#x92F;&#x942;&#x92C;&#x948;&#x930;&#x940;/6955/12.9.11/79/15.3.11/11.11.11</subfield>
    <subfield code="g">300.00</subfield>
    <subfield code="l">2</subfield>
    <subfield code="o">333.794 &#x92C;&#x902;&#x926;&#x942;&#x928;&#x940;</subfield>
    <subfield code="p">B-449367</subfield>
    <subfield code="r">2022-12-26 00:00:00</subfield>
    <subfield code="s">2022-12-19</subfield>
    <subfield code="t">1</subfield>
    <subfield code="v">300.00</subfield>
    <subfield code="w">2012-01-05</subfield>
    <subfield code="y">HN</subfield>
  </datafield>
  <datafield tag="952" ind1=" " ind2=" ">
    <subfield code="0">0</subfield>
    <subfield code="1">0</subfield>
    <subfield code="4">0</subfield>
    <subfield code="7">0</subfield>
    <subfield code="8">NFIC</subfield>
    <subfield code="a">BL1</subfield>
    <subfield code="b">BL1</subfield>
    <subfield code="d">2012-01-05</subfield>
    <subfield code="e">&#x92C;&#x932;&#x94D;&#x92F;&#x942;&#x92C;&#x948;&#x930;&#x940;/6955/12.9.11/79/15.3.11/11.11.11</subfield>
    <subfield code="g">300.00</subfield>
    <subfield code="l">0</subfield>
    <subfield code="o">333.794 &#x92C;&#x902;&#x926;&#x942;&#x928;&#x940;</subfield>
    <subfield code="p">B-449368</subfield>
    <subfield code="r">2012-01-05 00:00:00</subfield>
    <subfield code="t">1</subfield>
    <subfield code="v">300.00</subfield>
    <subfield code="w">2012-01-05</subfield>
    <subfield code="y">HN</subfield>
  </datafield>
</record>
